000 00764nam a2200217 i 4500
001 124507
003 ES-MaACL
005 20250813062621.0
007 t|
008 070328s1930 sp ||||1| spa d
100 1 _aKerschensteiner, Georg (
_d1854-1932)
_967937
245 1 0 _aEsencia y valor de la enseñanza científico-natural /
_cGeorg Kerschensteiner ; traducción del alemán por Luis Sánchez Sarto.
260 _aBarcelona :
_bLabor,
_c[1930]
300 _a192 p., VIII p. de lám. ;
_c17 cm.
490 1 _aColección Labor ;
_v242
650 4 _aCiencias naturales-
_xDidáctica .
_9165265
700 1 _aSánchez Sarto, Luis.
_9102930
830 0 0 _aColección Labor
_v242
_9184254
852 _aES-MaACL
_jE-2747
999 _c124507
_d124507